Reflexiones acerca de la resolución de ecuaciones algébricas numéricas por el método Gräffe / por Vicente Ventosa. (Record no. 145538)

MARC details
000 -LEADER
campo de control de longitud fija 00672nam a2200169 i 4500
001 - NÚMERO DE CONTROL
campo de control 145538
003 - IDENTIFICADOR DE NÚMERO DE CONTROL
campo de control ES-MaACL
005 - FECHA Y HORA DE LA ÚLTIMA TRANSACCIÓN
campo de control 20230906201243.0
007 - CAMPO FIJO DE DESCRIPCIÓN FÍSICA--INFORMACIÓN GENERAL
campo de control de longitud fija t|
008 - DATOS DE LONGITUD FIJA--INFORMACIÓN GENERAL
campo de control de longitud fija 071015s1917 sp ||||1| spa d
100 1# - ENTRADA PRINCIPAL--NOMBRE DE PERSONA
Nombre de persona Ventosa, Vicente.
9 (RLIN) 113909
245 10 - MENCIÓN DEL TÍTULO
Título Reflexiones acerca de la resolución de ecuaciones algébricas numéricas por el método Gräffe / por Vicente Ventosa.
260 ## - PUBLICACIÓN, DISTRIBUCIÓN, ETC.
Lugar de publicación, distribución, etc. Madrid :
Nombre del editor, distribuidor, etc. [s.n.],
Fecha de publicación, distribución, etc. 1917 (
Fabricante Imp. Clásica Española)
300 ## - DESCRIPCIÓN FÍSICA
Extensión 57 p. ;
Dimensiones 25 cm.
595 ## -
-- Publicado en la "Revista de la Real Academia de Ciencias Exactas, Físicas y Naturales de Madrid, Tomo XVI, número primero de la segunda serie.
852 ## - LOCALIZACIÓN
Ubicación ES-MaACL
Número de control de estantería 1522-F-21
Holdings
Estatus retirado Estado de pérdida Estado de daño No para préstamo Colección Biblioteca de origen Biblioteca actual Ubicación en estantería Fecha de adquisición Fuente de adquisición Total de préstamos Signatura topográfica completa Código de barras Visto por última vez Precio de reemplazo Tipo de ítem Koha
        Colección de folletos Biblioteca del Ateneo de Madrid Biblioteca del Ateneo de Madrid Depósito folletos 17/01/2008     1522-F-21 1151914 23/02/2023 23/02/2023 Folleto